| 000 | 00475nam a2200169 a 4500 | ||
|---|---|---|---|
| 005 | 20240925065555.0 | ||
| 008 | 991125s1930 mx 000 0 spa u | ||
| 035 | _aUPN01000054594 | ||
| 049 | _aCG | ||
| 050 | 4 |
_aHM61 _bC6.8 |
|
| 100 | 1 | _aCornejo, Mariano H. | |
| 245 | 1 | 0 |
_aSociología general / _cpor Mariano H. Cornejo ; pról. José Echegaray. |
| 260 |
_aMéxico : _bManuel de Jesús Nucamendi, _c1930. |
||
| 300 | _av. | ||
| 650 | 4 |
_aSociología _95756 |
|
| 905 | _aLibro | ||
| 999 |
_c54594 _d54594 |
||